| 000 | 00319nam a22001337a 4500 | ||
|---|---|---|---|
| 082 |
_a943.082 _bFRA |
||
| 100 |
_aClarke, F.C.H _950223 |
||
| 245 | _aThe Franco-German war 1870-71 | ||
| 260 |
_aLondon _c1878 |
||
| 300 | _a289 p; | ||
| 526 |
_a0 _b0 _c0 _d943_082000000000000_FRA |
||
| 650 |
_aMCE _9379 |
||
| 942 |
_2ddc _cBK |
||
| 999 |
_c552947 _d552947 |
||